000 00390nam a2200133 i 4500
001 bg
100 1 _aSOWIŃSKI, Maciej.
245 0 _aAnaliza zakończeń i złącz falowodów prostokątnych przy pomocy równań całkowych.
_nCz.2 /
_cMaciej Sowiński.
260 _aWarszawa :
_bIPPT,
_c1979.
040 _cBPK
041 _apol
942 _cKS
008 s pl f |000 0 pol
999 _c21335
_d21335
856 _uhttp://koha.tu.koszalin.pl/cgi-bin/koha/opac-detail.pl?biblionumber=21335
_yKatalog online BPK